| Tag |
First Indicator |
Second Indicator |
Subfields |
| LEADER |
00000cas a2200000Ka 4500 |
| 001 |
in00002784075 |
| 005 |
20150922145317.0 |
| 006 |
m o d |
| 007 |
cr ||||||||||| |
| 008 |
050614d19852007tnuqr poo 0 0eng d |
| 019 |
|
|
|a 41228211
|a 50767084
|a 61571943
|
| 022 |
|
|
|y 0886-0246
|
| 029 |
0 |
|
|a OCLCS
|b 39182
|
| 029 |
1 |
|
|a OCLCS
|b OP-27239
|
| 029 |
1 |
|
|a NZ1
|b 8732071
|
| 029 |
1 |
|
|a AU@
|b 000024300701
|
| 029 |
1 |
|
|a NZ1
|b 12530807
|
| 029 |
1 |
|
|a AU@
|b 000044927493
|
| 035 |
|
|
|a (OCoLC)ocm60626793
|
| 035 |
|
|
|a (OCoLC)60626793
|z (OCoLC)41228211
|z (OCoLC)50767084
|z (OCoLC)61571943
|
| 040 |
|
|
|a OCLCS
|b eng
|c OCLCS
|d HUA
|d UV$
|d MUQ
|d LGG
|d OCLCQ
|d TXA
|d UtOrBLW
|
| 049 |
|
|
|a TXAM
|
| 050 |
1 |
4 |
|a LB1050
|b .J63 Electronic
|
| 082 |
0 |
4 |
|a 428.4/05
|2 19
|
| 130 |
0 |
|
|a Reading research and instruction (Online)
|
| 245 |
1 |
0 |
|a Reading research and instruction.
|
| 246 |
1 |
|
|a Reading research & instruction
|
| 246 |
1 |
|
|a RRI
|
| 246 |
1 |
|
|a Journal of the College Reading Association
|
| 264 |
|
1 |
|a [Coral Gables, Fla.] :
|b [The College Reading Association],
|c [-2007]
|
| 310 |
|
|
|a Quarterly
|
| 336 |
|
|
|a text
|b txt
|2 rdacontent
|
| 337 |
|
|
|a computer
|b c
|2 rdamedia
|
| 338 |
|
|
|a online resource
|b cr
|2 rdacarrier
|
| 362 |
1 |
|
|a Print began with: Vol. 25, no. 1 (fall 1985); ceased with: Vol. 46, no. 4 (summer 2007).
|
| 500 |
|
|
|a Title varies slightly: Reading research & instruction : RRI, <fall 2000->
|
| 500 |
|
|
|a Place of publication varies: Readyville, TN, <fall 2000- >; Logan, UT, <fall 2005->
|
| 538 |
|
|
|a Mode of access: World Wide Web.
|
| 588 |
|
|
|a Description based on: Vol. 36, no. 3 (spring 1997); title from PDF article running title (Taylor & Francis, viewed Nov. 21, 2012).
|
| 588 |
|
|
|a Last issue consulted: Vol. 46, no. 4 (summer 2007) (Taylor & Francis, viewed Nov. 21, 2012).
|
| 500 |
|
|
|a Electronic resource.
|
| 650 |
|
0 |
|a Reading
|v Periodicals.
|
| 650 |
|
0 |
|a Children
|x Books and reading
|v Periodicals.
|
| 650 |
|
6 |
|a Lecture
|v Périodiques.
|
| 650 |
|
6 |
|a Enfants
|x Livres et lecture
|v Périodiques.
|
| 710 |
2 |
|
|a College Reading Association.
|
| 776 |
1 |
|
|t Reading research and instruction
|x 0886-0246
|w (DLC) 86640786
|w (OCoLC)12702956
|
| 780 |
0 |
0 |
|t Reading world
|
| 785 |
0 |
0 |
|t Literacy research and instruction
|x 1938-8063
|w (DLC) 2007215014
|w (OCoLC)144512125
|
| 948 |
|
|
|a cataloged
|b h
|c 2012/11/21
|d c
|e spoltoratski
|f 3:42:18 pm
|g NCF cessation
|
| 994 |
|
|
|a C0
|b TXA
|
| 999 |
|
|
|a MARS
|
| 999 |
f |
f |
|s a1bad0d7-a685-3223-8281-42bce54c7c4e
|i 3c620b22-f87c-3c48-ad3a-cb8125efa695
|t 0
|
| 952 |
f |
f |
|a Texas A&M University
|b College Station
|c Electronic Resources
|d Available Online
|t 0
|e LB1050 .J63
|g Electronic
|h Library of Congress classification
|
| 998 |
f |
f |
|a LB1050 .J63
|t 0
|l Available Online
|